000 02078nam a22002897a 4500
999 _c62660
_d62660
003 Ge_BSU
005 20250120134145.0
008 250120s2023 ge ||||| |||| 00| 0 geo d
020 _a9789941860188
041 _ageo
080 _a821.512.161.09-1 ჯ-14
100 _aჯაველიძე, ელიზბარ
_924066
245 _aთხზულებანი. ტომი 2, თურქული ლიტერატურის სათავეებთან :
_bაშიკ ფაშა /
_cელიზბარ ჯაველიძე; სარედაქციო საბჭო: ანდრო ბედუკაძე (პროექტის ავტორი და მთ. რედაქტორი), ივანე ამირხანაშვილი, ლევან თითმერია [და სხვა]; ტომის რედაქტორი უჩა შერაზადიშვილი.
264 _aთბილისი :
_bილიას ფონდი,
_c2023.
300 _a492 გვ. ;
_b21 სმ.
504 _a ბიბლიოგრაფია: გვ. 353-407.
653 _aლიტერატურის ისტორია და კრიტიკა
653 _a თურქული პოეზია
653 _aაშიკ-ფაშა, თურქი პოეტი
700 _aბედუკაძე, ანდრო
_eპროექტის ავტორი, მთ. რედაქტორი.
_924061
700 _aშერაზადიშვილი, უჩა
_eტომის რედაქტორი.
_924065
700 _aამირხანაშვილი, ივანე
_eრედაქტორი
_924063
700 _aთითმერია, ლევან
_eრედაქტორი
_923741
700 _aუსანეთაშვილი, ვაჟა
_eრედაქტორი
_924064
700 _aჩხეიძე, როსტომ
_eრედაქტორი
_91213
942 _2udc
_cᲬᲘᲒᲜᲘ